<?xml version="1.0" encoding="UTF-8"?>
<record
    xmlns:xsi="http://www.w3.org/2001/XMLSchema-instance"
    xsi:schemaLocation="http://www.loc.gov/MARC21/slim http://www.loc.gov/standards/marcxml/schema/MARC21slim.xsd"
    xmlns="http://www.loc.gov/MARC21/slim">

  <leader>04375cam a2200313 i 4500</leader>
  <controlfield tag="001">17962478</controlfield>
  <controlfield tag="003">OSt</controlfield>
  <controlfield tag="005">20210414114456.0</controlfield>
  <controlfield tag="008">131204s2015    mauab    b   s001 0 eng  </controlfield>
  <datafield tag="010" ind1=" " ind2=" ">
    <subfield code="a">  2013042939</subfield>
  </datafield>
  <datafield tag="020" ind1=" " ind2=" ">
    <subfield code="a">9780205914630</subfield>
  </datafield>
  <datafield tag="020" ind1=" " ind2=" ">
    <subfield code="a">0205914632</subfield>
  </datafield>
  <datafield tag="040" ind1=" " ind2=" ">
    <subfield code="a">DLC</subfield>
    <subfield code="b">eng</subfield>
    <subfield code="c">DLC</subfield>
    <subfield code="e">rda</subfield>
    <subfield code="d">DLC</subfield>
  </datafield>
  <datafield tag="042" ind1=" " ind2=" ">
    <subfield code="a">pcc</subfield>
  </datafield>
  <datafield tag="050" ind1="0" ind2="0">
    <subfield code="a">PN4129.15.B43 </subfield>
  </datafield>
  <datafield tag="082" ind1="0" ind2="0">
    <subfield code="a">808.5/1</subfield>
    <subfield code="2">23</subfield>
  </datafield>
  <datafield tag="100" ind1="1" ind2=" ">
    <subfield code="a">Beebe, Steven A.</subfield>
  </datafield>
  <datafield tag="245" ind1="1" ind2="0">
    <subfield code="a">Public speaking: an audience-centered approach. /</subfield>
    <subfield code="c">Steven A. Beebe.</subfield>
  </datafield>
  <datafield tag="250" ind1=" " ind2=" ">
    <subfield code="a">9th ed.</subfield>
  </datafield>
  <datafield tag="260" ind1=" " ind2=" ">
    <subfield code="a">Boston :</subfield>
    <subfield code="b">Pearson,</subfield>
    <subfield code="c">2015.</subfield>
  </datafield>
  <datafield tag="300" ind1=" " ind2=" ">
    <subfield code="a"> 428p.:</subfield>
    <subfield code="b">ills. ;</subfield>
    <subfield code="c">28cm.</subfield>
  </datafield>
  <datafield tag="500" ind1=" " ind2=" ">
    <subfield code="a">Includes index.</subfield>
  </datafield>
  <datafield tag="505" ind1=" " ind2=" ">
    <subfield code="a">Contents: The art of public speaking: What is public speaking? -- Why study public speaking? -- The communication process -- The rich heritage of public speaking -- Improving your confidence as a speaker -- Developing your first speech: Consider your audience -- Select and narrow your topic -- Determine your purpose -- Develop your central idea -- Generate the main ideas -- Gather supporting material -- Organize your speech -- Rehearse your speech -- Deliver your speech -- The boundaries of freedom of speech: Speaking freely -- Speaking ethically -- Speaking credibly -- Listening and critical thinking skills: Overcoming barriers to effective listening -- How to become a better listener -- Improving listening  and critical thinking skills -- Analyzing and evaluating speeches -- Audience analysis: Gathering information about your audience -- Analyzing information about your audience -- Adapting to your audience -- Analyzing your audience before you speak -- Adapting to your audience as you speak -- Analyzing your audience after you speak -- Audience-centered speech building: Select and narrow your topic -- Determine your purpose -- Develop your central idea -- Generate and preview your main ideas -- Meanwhile, back at the computer -- The framework of speech: The supporting materials: Sources of supporting material -- Research strategies -- Types of supporting material -- The best supporting material -- Speech outlines and integration of supporting materials: Organizing your main ideas -- Integrating your supporting material -- Organizing your presentation for the ears of others: Signposting -- Outlining your speech -- Beginning and concluding your speech: Purposes of introductions -- Effective introductions -- Purposes of conclusions -- Effective conclusions -- Effective language for diverse listeners: Differentiating oral and written language styles using words effectively -- Adapting your language style to diverse listeners -- Crafting memorable word structures -- Strategies for the final delivery: The power of speech delivery -- Methods of delivery -- Characteristics of effective delivery -- Audience diversity and delivery -- Rehearsing your speech: Some final tips -- Delivering your speech -- Responding to questions -- Guidelines on presentation aids: The value of presentation aids -- Types of presentation aids -- Guideline for developing presentation aids -- Guidelines for using presentation aids -- The informative speech: Types of informative speeches -- Strategies to enhance audience understanding -- Strategies to maintain audience interest -- Strategies to enhance audience recall -- Developing an audience-centered informative speech -- The persuasive speech: The goals of persuasion -- How persuasion works -- How to motivate listeners -- How to develop your audience-centered persuasive speech -- Steps in persuasive communication: Enhancing your credibility -- Using logic and evidence to persuade -- Using emotion to persuade -- Strategies for adapting ideas to people and people to ideas -- Strategies for organizing persuasive messages -- Speaking with a purpose: Occasions and ceremonies: Public speaking in the workplace -- Ceremonial speaking -- After-dinner speaking: Using humor effectively -- Speaking in small groups: Solving problems in groups and teams -- Participating in small groups -- Leading small groups -- Speeches for analysis and discussion: I have a dream -- Second inaugural address -- Message, messenger, and audience.</subfield>
  </datafield>
  <datafield tag="650" ind1=" " ind2="0">
    <subfield code="a">Public speaking.</subfield>
  </datafield>
  <datafield tag="650" ind1=" " ind2="0">
    <subfield code="a">Oral communication.</subfield>
  </datafield>
  <datafield tag="700" ind1="1" ind2=" ">
    <subfield code="a">Beebe, Susan J.</subfield>
  </datafield>
  <datafield tag="942" ind1=" " ind2=" ">
    <subfield code="2">lcc</subfield>
    <subfield code="c">BK</subfield>
  </datafield>
  <datafield tag="999" ind1=" " ind2=" ">
    <subfield code="c">5671</subfield>
    <subfield code="d">13171</subfield>
  </datafield>
  <datafield tag="952" ind1=" " ind2=" ">
    <subfield code="0">0</subfield>
    <subfield code="1">0</subfield>
    <subfield code="2">lcc</subfield>
    <subfield code="4">0</subfield>
    <subfield code="7">0</subfield>
    <subfield code="a">WIUC-1</subfield>
    <subfield code="b">WIUC-1</subfield>
    <subfield code="c">REF</subfield>
    <subfield code="d">2015-07-23</subfield>
    <subfield code="l">0</subfield>
    <subfield code="o">PN4129.15.B43</subfield>
    <subfield code="p">7989/416/15</subfield>
    <subfield code="r">2015-07-23 00:00:00</subfield>
    <subfield code="w">2015-07-23</subfield>
    <subfield code="y">BK</subfield>
  </datafield>
</record>
